Southville International School and Colleges
Your cart is empty.
  • Cart
  • Lists
    Public lists Eva Luna New books Lux_list list_1
    Your lists Log in to create your own lists
  • Log in to your account
  • Your cookies
  • Search history
Southville International School and Colleges
  • Advanced search
  • Recent comments
  • Most popular
  • Libraries

Log in to your account

Log in with GOOGLE


If you do not have an external account, but do have a local account, you can still log in:

  1. Home
  2. MARC view: Anti-bacterial properties of Nepenthes alata /
Normal view MARC view ISBD view

Anti-bacterial properties of Nepenthes alata / (Record no. 99069)

[ view plain ]
MARC details
000 -LEADER
fixed length control field 00912nam a2200241 a 4500
003 - CONTROL NUMBER IDENTIFIER
control field 0
005 - DATE AND TIME OF LATEST TRANSACTION
control field 20250203091343.0
008 - FIXED-LENGTH DATA ELEMENTS--GENERAL INFORMATION
fixed length control field 130830s19uu xx 00 eng d
050 ## - LIBRARY OF CONGRESS CALL NUMBER
Classification number PGS QR 201.B3
Item number .P153 2013
100 ## - MAIN ENTRY--PERSONAL NAME
Personal name Palacio, Vian Paolo P.
245 ## - TITLE STATEMENT
Title Anti-bacterial properties of Nepenthes alata /
Statement of responsibility, etc Vian Paolo P. Palacio.
260 ## - PUBLICATION, DISTRIBUTION, ETC. (IMPRINT)
Place of publication, distribution, etc Las Piñas City, Philippines :
Name of publisher, distributor, etc Southville International School and Colleges,
Date of publication, distribution, etc 2013.
300 ## - PHYSICAL DESCRIPTION
Extent 53 p. :
Other physical details ill. ;
Dimensions 28 cm.
504 ## - BIBLIOGRAPHY, ETC. NOTE
Bibliography, etc Includes bibliographical references.
650 ## - SUBJECT ADDED ENTRY--TOPICAL TERM
Topical term or geographic name as entry element Nepenthes alata
Form subdivision Antibacterial properties.
650 ## - SUBJECT ADDED ENTRY--TOPICAL TERM
Topical term or geographic name as entry element Antibacterial agents
Form subdivision Natural sources.
650 ## - SUBJECT ADDED ENTRY--TOPICAL TERM
Topical term or geographic name as entry element Bacterial antagonists.
650 ## - SUBJECT ADDED ENTRY--TOPICAL TERM
Topical term or geographic name as entry element Pitcher plants
Form subdivision Medicinal use.
650 ## - SUBJECT ADDED ENTRY--TOPICAL TERM
Topical term or geographic name as entry element Plant extracts
Form subdivision Antimicrobial properties.
650 ## - SUBJECT ADDED ENTRY--TOPICAL TERM
Topical term or geographic name as entry element Phytochemicals
Form subdivision Antibacterial effects.
650 ## - SUBJECT ADDED ENTRY--TOPICAL TERM
Topical term or geographic name as entry element Bacteria
Form subdivision Effect of plant extracts on.
942 ## - ADDED ENTRY ELEMENTS (KOHA)
Source of classification or shelving scheme Library of Congress Classification
Koha item type PASS
Holdings
Withdrawn status Lost status Source of classification or shelving scheme Damaged status Home library Current library Shelving location Date acquired Source of acquisition Total Checkouts Full call number Barcode Date last seen Price effective from Koha item type
    Library of Congress Classification   Luxembourg Library Luxembourg Library Portfolio Assessment of SISC Students Section 08/30/2013 Donation   PGS QR 201.B3 .P153 2013 P3170 04/08/2014 04/08/2014 PASS

Anti-bacterial properties of Nepenthes alata /

APA

Palacio V. P. P., . (2013). Anti-bacterial properties of Nepenthes alata. Las Piñas City, Philippines: Southville International School and Colleges.

Chicago

Palacio Vian Paolo P, . 2013. Anti-bacterial properties of Nepenthes alata. Las Piñas City, Philippines: Southville International School and Colleges.

Harvard

Palacio V. P. P., . (2013). Anti-bacterial properties of Nepenthes alata. Las Piñas City, Philippines: Southville International School and Colleges.

MLA

Palacio Vian Paolo P, . Anti-bacterial properties of Nepenthes alata. Las Piñas City, Philippines: Southville International School and Colleges. 2013.

  • Print
  • Cite
  • Add to your cart (remove)
  • Save record
    BIBTEX Dublin Core MARCXML MARC (non-Unicode/MARC-8) MARC (Unicode/UTF-8) MARC (Unicode/UTF-8, Standard) MODS (XML) RIS
  • More searches
    Search for this title in:
    Other Libraries (WorldCat) Other Databases (Google Scholar) Online Stores (Bookfinder.com) Open Library (openlibrary.org)

Exporting to Dublin Core...

SOUTHVILLE LIBRARY

Southville International School and Colleges Library

1281 Tropical Ave. Cor. Luxembourg St., BF Homes International, Las Pinas City

Tel. No. 8256374 / 252358 Loc. 117/146

Powered by Koha